|
|
|
|
| LEADER |
01133nam a2200277 i 4500 |
| 001 |
c000148013 |
| 003 |
CARM |
| 005 |
00000000000000.0 |
| 008 |
760116r19751973at b 00010 eng d |
| 019 |
1 |
|
|a 1642172
|z 21804236
|5 LACONCORD2021
|
| 020 |
|
|
|a 0859242641 :
|c unpriced
|
| 035 |
|
|
|a (OCoLC)27591750
|5 LACONCORD2021
|
| 042 |
|
|
|a anuc
|
| 245 |
0 |
0 |
|a Concepts in education :
|b philosophical studies /
|c edited by J.V. D'Cruz [and] P.J. Sheehan.
|
| 260 |
|
|
|a East Malvern, Vic. :
|b Dove Communications,
|c 1975, c1973.
|
| 300 |
|
|
|a 96p. ;
|c 22cm.
|
| 500 |
|
|
|a Education. Philosophical perspectives. Essays (ANB/PRECIS SIN 0060089)
|
| 500 |
|
|
|a First published, Melbourne: Mercy Teachers' College.
|
| 504 |
|
|
|a Includes bibliographies.
|
| 650 |
|
0 |
|a Education
|x Philosophy.
|
| 700 |
1 |
1 |
|a D'Cruz, J. V.
|e ed.
|
| 700 |
1 |
1 |
|a Sheehan, P. J.
|q (Peter James),
|d 1940-
|e joint ed.
|
| 852 |
8 |
|
|b CARM
|h A2:AH30B0
|i B03824
|p 0183366
|f BK
|
| 082 |
0 |
4 |
|a 370.1/08
|
| 999 |
f |
f |
|i fcfff717-d519-5a2d-8db5-411b21eb0204
|s 5c260589-df28-5044-9cc1-ea35a5b0762b
|
| 952 |
f |
f |
|p Can circulate
|a CAVAL
|b CAVAL
|c CAVAL
|d CARM 1 Store
|e B03824
|f A2:AH30B0
|h Other scheme
|i book
|m 0183366
|